000 00416nam a2200181Ia 4500
005 20250423095055.0
008 250422s9999 xx 000 0 und d
020 _a0-935702-67-9
050 _aQB43.2.B585/
100 _aR.C Bless
245 0 _aDiscovering th cosmos
260 _aCalifornia
260 _bUniversity Science Books
260 _c1996
300 _a714 p
650 _aAstronomy
942 _cBK
999 _c29161
_d29161